Statistics for Countries Bordering the Most Big Countries

Click here to take the quiz!

General Stats

  • This quiz has been taken 65 times
  • The average score is 13 of 17

Answer Stats

#AnswerBordering Countries% Correct
4ChinaRussiaIndiaKazakhstanMongolia*****
95%
3ChadSudanLibyaNiger***************
89%
3RussiaChinaKazakhstanMongolia***************
89%
4NigerAlgeriaLibyaChadMali*****
88%
4SudanLibyaChadEthiopiaEgypt*****
86%
4BrazilArgentinaPeruColombiaBolivia*****
84%
5LibyaAlgeriaSudanChadNigerEgypt
84%
4AlgeriaLibyaNigerMaliMauritania*****
80%
3PeruBrazilColombiaBolivia***************
79%
3BoliviaBrazilArgentinaPeru***************
77%
3MaliAlgeriaNigerMauritania***************
77%
3PakistanChinaIndiaIran***************
77%
3South SudanDR CongoSudanEthiopia***************
77%
3Central African RepublicDR CongoSudanChad***************
70%
3ParaguayBrazilArgentinaBolivia***************
70%
3ChileArgentinaPeruBolivia***************
63%
3ZambiaDR CongoAngolaTanzania***************
45%

Score Distribution

Percentile by Number Answered

Percent of People with Each Score

Your Score History

You have not taken this quiz